|
|
|
|
| LEADER |
00000nam a2200000 a 4500 |
| 001 |
vtls009180826 |
| 003 |
SK-MaSNL |
| 005 |
20260301023752.0 |
| 008 |
251029s2007 xo d 000 0bslo |
| 015 |
|
|
|a SNBA2008/04-01537
|
| 020 |
|
|
|a 9788096982301 (brož.)
|
| 035 |
|
|
|a 1BC06558-6F15-46E5-82BF-921A3F05A346
|
| 035 |
|
|
|a urn:nbn:sk:snk-aml9dd
|
| 035 |
|
|
|a urn:nbn:sk:snk-am008rnq
|
| 040 |
|
|
|a SNK
|b slo
|c SNK
|e AACR2
|
| 041 |
0 |
|
|a slo
|a cze
|
| 044 |
|
|
|a xo
|c SK
|
| 072 |
|
7 |
|a 821.111.09
|x Anglická literatúra, anglicky písaná (o nej)
|2 konspekt
|
| 072 |
|
7 |
|a 929
|x Biografie
|2 konspekt
|
| 080 |
|
|
|a 821.111-051
|2 2001
|
| 080 |
|
|
|a 821.111-2
|2 2001
|
| 080 |
|
|
|a 808.1
|2 2001
|
| 080 |
|
|
|a 81`25
|2 2001
|
| 080 |
|
|
|a (048.8)
|2 2001
|
| 080 |
|
|
|a (082)
|2 2001
|
| 080 |
|
|
|a 82.09
|2 2001
|
| 245 |
0 |
0 |
|a Ako sa vám páči Shakespeare?
|c [Anton Vydra, Andrej Démuth (eds.)]
|
| 250 |
|
|
|a [1. vyd.]
|
| 260 |
|
|
|a Pusté Úľany
|b Schola Philosophica
|c 2007
|
| 300 |
|
|
|a 154 s.
|c 21 cm
|
| 490 |
1 |
|
|a Schola Philosophica Tyrnaviensis
|v zv. 3
|
| 500 |
|
|
|a Biogr. údaje
|
| 504 |
|
|
|a Biogr. odkazy. Ed. pozn. Pozn.
|
| 546 |
|
|
|a Čiast. text čes.
|
| 600 |
1 |
0 |
|a Shakespeare, William,
|d 1564-1616
|2 SNKMA
|9 92336
|
| 650 |
0 |
7 |
|a anglickí spisovatelia
|2 SNKPH
|9 83433
|
| 650 |
0 |
7 |
|a anglická dráma
|2 SNKPH
|9 1177
|
| 650 |
0 |
7 |
|a literárna tvorba
|2 SNKPH
|9 4226
|
| 650 |
0 |
7 |
|a preklad
|2 SNKPH
|9 25315
|
| 650 |
0 |
7 |
|a literárnovedné rozbory
|2 SNKPH
|9 241582
|
| 655 |
|
7 |
|a štúdie
|2 SNKPH
|9 57033
|
| 655 |
|
7 |
|a zborníky
|2 SNKPH
|9 70165
|
| 700 |
1 |
|
|a Vydra, Anton,
|d 1978-
|4 edt
|9 227596
|
| 700 |
1 |
|
|a Démuth, Andrej,
|d 1974-
|4 edt
|9 233289
|
| 830 |
|
0 |
|a Schola Philosophica Tyrnaviensis
|9 316688
|
| 919 |
|
|
|a 978-80-969823-0-1
|
| 958 |
|
|
|a LX
|
| 958 |
|
|
|a BC
|
| 968 |
|
|
|d 82
|
| 999 |
|
|
|c 569829
|d 571759
|
| 952 |
|
|
|a SNK
|b SNK
|y PREZ
|7 0
|p 17A0578677
|o snkSC 130730
|i snk2008/2882
|8 0
|0 0
|1 0
|4 0
|d 2008-02-05
|f 1
|l 0
|r 2025-06-19 00:00:00
|w 2026-02-23
|
| 952 |
|
|
|a SNK
|b SNK
|y VYP
|7 0
|p 17A0578676
|o snkSC 130730 D1
|i snk2008/2883
|8 0
|0 0
|1 0
|4 0
|d 2008-02-05
|l 0
|r 2026-02-23 14:11:46
|w 2026-02-23
|